| 000 | 01277cam a22003497a 4500 | ||
|---|---|---|---|
| 003 | CHAP | ||
| 005 | 20220817043759.0 | ||
| 008 | 010628d1991 es ad r 00110 spa d | ||
| 010 | _a84278 | ||
| 011 | _a85250 | ||
| 020 | _a8486703506 | ||
| 035 | _a95781 | ||
| 040 | _cCHAP | ||
| 082 | 0 | 4 |
_a658.31 _bA8 |
| 110 | 2 |
_aAsociación Japonesa de Relaciones Humanas _98023 |
|
| 245 | 1 | 3 |
_aEl libro de las ideas: _bpara producir mejor. (ITP) buscando la excelencia mediante la integración total del personal _c/por Asociación Japonesa de Relaciones Humanas |
| 260 |
_aBarcelona, Esp. : _bEdiciones Gestión 2000, S.A., _c1991 |
||
| 300 |
_a208 p. : _bilus. ; gráfs. ; cuadros ; diagramas |
||
| 590 |
_aBATCH-UPD _b10 _c20130110 _lUCH01 _h1329 |
||
| 590 |
_aBATCH-UPD _b10 _c20130410 _lUCH01 _h0835 |
||
| 590 |
_aBATCH-UPD _b10 _c20130914 _lUCH01 _h1908 |
||
| 590 |
_aCONVERSION _b10 _c20130109 _lUCH01 _h1347 |
||
| 650 | 1 | 4 |
_aPersonal _xAdministración de. _987325 |
| 650 | 1 | 4 |
_aProductividad del trabajo. _991869 |
| 650 | 1 | 4 |
_aRecursos humanos. _995137 |
| 650 | 1 | 4 | _aTrabajo y trabajadores. |
| 650 | 1 | 4 |
_aTrabajo _xMétodos de. _9114482 |
| 901 | _aBK | ||
| 905 | _aMarco A. Mendoza T. | ||
| 942 | _cLIBRO | ||
| 949 |
_a658.31 A8 _bBC _cLIBRO _d33724000838462 _eLIBRO _h100026 _i95781 _si |
||
| 999 |
_c84278 _d84278 |
||